Commercial Property Update (Record no. 118762)

MARC details
000 -LEADER
fixed length control field 00561cas a22001935a 4500
001 - CONTROL NUMBER
control field L120540
008 - FIXED-LENGTH DATA ELEMENTS--GENERAL INFORMATION
fixed length control field 021121d20022002xxku p a eng u
035 ## - SYSTEM CONTROL NUMBER
System control number (Sirsi) u120540
041 0# - LANGUAGE CODE
Language code of text/sound track or separate title eng
110 2# - MAIN ENTRY--CORPORATE NAME
Corporate name or jurisdiction name as entry element Royal Institution of Chartered Surveyors
Subordinate unit Commercial Property Faculty
9 (RLIN) 4355
245 00 - TITLE STATEMENT
Title Commercial Property Update
260 3# - PUBLICATION, DISTRIBUTION, ETC.
Place of publication, distribution, etc. London
Name of publisher, distributor, etc. RICS
Date of publication, distribution, etc. 2002
362 ## - DATES OF PUBLICATION AND/OR SEQUENTIAL DESIGNATION
Dates of publication and/or sequential designation July 2002
554 ## -
-- Unknown
651 #4 - SUBJECT ADDED ENTRY--GEOGRAPHIC NAME
Geographic name England and Wales
Chronological subdivision 1543-
690 ## - LOCAL SUBJECT ADDED ENTRY--TOPICAL TERM (OCLC, RLIN)
Topical term or geographic name as entry element PROPERTY-COMMERCIAL PROPERTY
785 00 - SUCCEEDING ENTRY
Title Commercial Property Faculty Newsletter
942 ## - ADDED ENTRY ELEMENTS (KOHA)
Suppress in OPAC 0
Holdings
Withdrawn status Lost status Source of classification or shelving scheme Damaged status Not for loan Home library Current library Shelving location Date acquired Total Checkouts Full call number Barcode Date last seen Price effective from Koha item type
    Dewey Decimal Classification     London London Gallery 22/01/2007   RICS THE JOURNAL: RICS COMMERCIAL PROPER 120540-1001 06/08/2019 06/08/2019 Journal